00511nam a2200181 a 4500001001300000003000900013005001700022008004100039020001300080082001300093100001600106245007000122260004900192500003500241505001000276650002700286700001600313nice12345678IN_TiNIC20260116012211.0050524s1973 mica grp 000 0 eng  ac177.7500a228bDEH aDehaan, M R aRevelationb 35 Simple Studies in the Major Themes in Revelation. aMichigan bZondervan Publishing House c1973 aincludes index and biblioraphy2 aIndex aApocalyptic Literature1 aDehaan, M R